[Event "EUchT qual"]
[Site "Lucerne SUI"]
[Date "1982.??.??"]
[Round "3"]
[White "Schmid, Lothar"]
[Black "Kagan, Shimon"]
[Result "1-0"]
[WhiteElo "2525"]
[BlackElo "2425"]
[PlyCount "109"]
[EventDate "1982.03.??"]
[Source "www.chesslib.no"]
[SourceDate "2005.08.01"]

1. e4 c5 2. Nf3 Nc6 3. d4 cxd4 4. Nxd4 g6 5. c4 Bg7 6. Be3 d6 7. Nc3 Nf6 8. Be2
O-O 9. O-O Bd7 10. Nc2 Be6 11. Qd2 a5 12. f4 a4 13. Rab1 Bg4 14. Bd3 Bc8 15. h3
Nd7 16. Be2 Qa5 17. Nd4 Nc5 18. Ndb5 Rd8 19. Rfd1 Bd7 20. Bf3 Nb4 21. Qf2 Nbd3
22. Qe2 Nxb2 23. Rxb2 Bxc3 24. Nxc3 Qxc3 25. Bxc5 dxc5 26. Rbd2 Kf8 27. Rxd7
Rxd7 28. Rxd7 Qc1+ 29. Kf2 Qxf4 30. Rxb7 Rd8 31. Rb2 Rd4 32. Rc2 e5 33. g3 Qf6
34. Rd2 Qd6 35. Ke1 Kg7 36. h4 h5 37. Qe3 Qb6 38. Rxd4 cxd4 39. Qc1 Qb4+ 40.
Ke2 a3 41. Kd3 Kf8 42. c5 Ke7 43. c6 Kd8 44. c7+ Kc8 45. Bd1 Qb5+ 46. Kd2 Qa5+
47. Ke2 Qa6+ 48. Kf2 f5 49. exf5 Qd3 50. fxg6 Qxg6 51. Qxa3 Qf5+ 52. Qf3 Qb1
53. Qf8+ Kxc7 54. Qe7+ Kc8 55. Qe8+ 1-0

[Event "EUchT qual"]
[Site "Lucerne SUI"]
[Date "1982.??.??"]
[Round "4"]
[White "Bernstein, David"]
[Black "Franzoni, Giancarlo"]
[Result "1/2-1/2"]
[WhiteElo "2435"]
[BlackElo "2295"]
[PlyCount "63"]
[EventDate "1982.03.??"]
[Source "www.chesslib.no"]
[SourceDate "2005.08.01"]

1. d4 d5 2. c4 c6 3. cxd5 cxd5 4. Nc3 Nf6 5. Nf3 Nc6 6. Bf4 Bf5 7. e3 e6 8. Bb5
Nd7 9. Qa4 Rc8 10. O-O a6 11. Bxc6 Rxc6 12. Rfc1 Be7 13. Ne2 Qb6 14. Rxc6 bxc6
15. Qb3 O-O 16. Qxb6 Nxb6 17. Ne5 Rc8 18. g4 Bg6 19. Rc1 c5 20. dxc5 Rxc5 21.
Rxc5 Bxc5 22. Nxg6 hxg6 23. Be5 f6 24. Bd4 Bxd4 25. Nxd4 e5 26. Nc6 Kf7 27. b3
Ke6 28. Kf1 Kd6 29. Nb4 a5 30. Nc2 g5 31. Ke2 Nd7 32. f3 1/2-1/2

[Event "EUchT qual"]
[Site "Lucerne SUI"]
[Date "1982.??.??"]
[Round "4"]
[White "Birnboim, Nathan"]
[Black "Zueger, Beat"]
[Result "1-0"]
[WhiteElo "2460"]
[BlackElo "2335"]
[PlyCount "101"]
[EventDate "1982.03.??"]
[Source "www.chesslib.no"]
[SourceDate "2005.08.01"]

1. e4 c5 2. c3 Nf6 3. e5 Nd5 4. d4 cxd4 5. Nf3 Nc6 6. cxd4 d6 7. Bc4 Nb6 8. Bb5
dxe5 9. Nxe5 Bd7 10. Nxd7 Qxd7 11. Nc3 e6 12. Qg4 g6 13. O-O Bg7 14. Rd1 Nd5
15. Bc4 O-O-O 16. Qg3 Qc7 17. Qh4 Nxc3 18. bxc3 e5 19. Bg5 Rd6 20. Be2 h6 21.
Be3 Rhd8 22. dxe5 Rxd1+ 23. Rxd1 Rxd1+ 24. Bxd1 Qxe5 25. Qc4 Qxc3 26. Qxc3 Bxc3
27. Bb3 Bd4 28. Bxh6 Ne5 29. Bf4 Nd3 30. Bg3 f5 31. Bf7 f4 32. Bh4 Ne5 33. Bd5
b5 34. Kf1 Kd7 35. Bg5 Ng4 36. Bxf4 Nxf2 37. Ke2 Ng4 38. Kd3 Bb2 39. h3 Nf6 40.
Bf7 a5 41. Bxg6 b4 42. Bd2 Kd6 43. Bf7 Kc5 44. g4 Nd7 45. Be8 Nb6 46. Ke4 Nd5
47. g5 Bc3 48. Bc1 Ba1 49. Kd3 Nc3 50. Be3+ Kd6 51. Bd4 1-0

[Event "EUchT qual"]
[Site "Lucerne SUI"]
[Date "1982.??.??"]
[Round "4"]
[White "Greenfeld, Alon"]
[Black "Bichsel, Walter"]
[Result "0-1"]
[WhiteElo "2305"]
[BlackElo "2305"]
[PlyCount "146"]
[EventDate "1982.03.??"]
[Source "www.chesslib.no"]
[SourceDate "2005.08.01"]

1. Nf3 Nf6 2. g3 g6 3. b3 Bg7 4. Bb2 O-O 5. Bg2 d5 6. c4 c6 7. O-O a5 8. Nc3
Bg4 9. Qc2 Na6 10. Ne5 Be6 11. d3 Rc8 12. cxd5 cxd5 13. Qd2 Nd7 14. Nf3 h6 15.
Nb5 Bg4 16. Rac1 Qb6 17. Bxg7 Kxg7 18. Nc3 Bxf3 19. Bxf3 e6 20. d4 Qb4 21. Qd3
Rc6 22. Nb5 Rfc8 23. a3 Qe7 24. Qd2 a4 25. b4 Nb6 26. Rxc6 Rxc6 27. e3 Nc4 28.
Qd3 Nc7 29. Nxc7 Rxc7 30. Be2 h5 31. Rc1 b5 32. Rc3 Qg5 33. h4 Qf6 34. Qd1 Qf5
35. Bd3 Qf6 36. Rc2 Re7 37. Bxc4 dxc4 38. Kg2 Qf5 39. Re2 Rd7 40. Qc2 Qd5+ 41.
f3 e5 42. Rd2 exd4 43. Rxd4 Qe6 44. Qd2 Rxd4 45. Qxd4+ Qf6 46. Qxf6+ Kxf6 47.
Kf2 Ke5 48. Ke2 f5 49. Kd2 Kf6 50. Kc3 g5 51. Kd4 Kg6 52. hxg5 Kxg5 53. f4+ Kg4
54. e4 fxe4 55. Kxe4 Kxg3 56. f5 h4 57. f6 h3 58. f7 h2 59. f8=Q h1=Q+ 60. Kd4
Qg1+ 61. Kd5 Qg2+ 62. Kd6 Qd2+ 63. Kc6 Qg5 64. Kb6 Qe5 65. Qf1 c3 66. Ka5 Kg4
67. Qf7 Kg3 68. Ka6 Qd6+ 69. Kxb5 c2 70. Qg7+ Kf2 71. Qg5 Qd7+ 72. Kb6 Qd4+ 73.
Kb5 Qc3 0-1

[Event "EUchT qual"]
[Site "Lucerne SUI"]
[Date "1982.??.??"]
[Round "4"]
[White "Huss, Andreas"]
[Black "Gelfer, Israel"]
[Result "1/2-1/2"]
[WhiteElo "2310"]
[BlackElo "2340"]
[PlyCount "71"]
[EventDate "1982.03.??"]
[Source "www.chesslib.no"]
[SourceDate "2005.08.01"]

1. d4 Nf6 2. Nf3 e6 3. c4 b6 4. a3 Ba6 5. Nbd2 d5 6. e3 Nbd7 7. b4 c5 8. dxc5
bxc5 9. b5 Bb7 10. Be2 a6 11. O-O Bd6 12. cxd5 exd5 13. bxa6 Bxa6 14. e4 Bxe2
15. Qxe2 O-O 16. exd5 Nxd5 17. Nc4 Bc7 18. Bg5 Qc8 19. Qd3 N7b6 20. Rfc1 h6 21.
Nxb6 Nxb6 22. Be3 c4 23. Qc2 Nd5 24. Qxc4 Qf5 25. Rd1 Nxe3 26. fxe3 Bb6 27. Qd3
Qf6 28. Rab1 Bc5 29. Rb3 Rfd8 30. Nd4 Ra4 31. Rf1 Raxd4 32. exd4 Rxd4 33. Rb8+
Qd8 34. Qb5 Qxb8 35. Qxc5 Ra4 36. Rc1 1/2-1/2

[Event "EUchT qual"]
[Site "Lucerne SUI"]
[Date "1982.??.??"]
[Round "4"]
[White "Partos, Charles"]
[Black "Kagan, Shimon"]
[Result "1/2-1/2"]
[WhiteElo "2405"]
[BlackElo "2425"]
[PlyCount "117"]
[EventDate "1982.03.??"]
[Source "www.chesslib.no"]
[SourceDate "2005.08.01"]

1. d4 d6 2. c4 g6 3. Nc3 Bg7 4. e4 c6 5. h3 a6 6. a4 a5 7. Nf3 Na6 8. Be3 Nf6
9. Bd3 Nd7 10. Rc1 e5 11. Qd2 O-O 12. dxe5 dxe5 13. Bb1 Ndc5 14. Qxd8 Rxd8 15.
Bxc5 Nxc5 16. Bc2 Be6 17. b3 Bh6 18. Rb1 Nd3+ 19. Ke2 Nf4+ 20. Kf1 f6 21. Nd1
Bf8 22. Ne3 Bc5 23. h4 Rd7 24. g3 Bxe3 25. fxe3 Nh5 26. Kf2 Rad8 27. Rhd1 Bg4
28. Rxd7 Rxd7 29. b4 Bxf3 30. Kxf3 Rd2 31. g4 Rxc2 32. bxa5 Rxc4 33. Rxb7 Rxa4
34. gxh5 gxh5 35. Ra7 Ra2 36. Rc7 Rxa5 37. Rxc6 Ra1 38. Kg2 Kf7 39. Rc7+ Kg6
40. Rc6 Re1 41. Rc3 Kf7 42. Ra3 Rb1 43. Ra7+ Kg6 44. Rc7 Rb8 45. Kf3 Rb2 46.
Kg3 Rb1 47. Kg2 Rb6 48. Kf3 h6 49. Rc8 f5 50. exf5+ Kxf5 51. e4+ Kf6 52. Rh8
Kf7 53. Rh7+ Kg6 54. Re7 Rb3+ 55. Kf2 Rh3 56. Re6+ Kf7 57. Rxe5 Rxh4 58. Kf3
Kf6 59. Ra5 1/2-1/2

[Event "EUchT qual"]
[Site "Lucerne SUI"]
[Date "1982.??.??"]
[Round "4"]
[White "Wittwer, Moritz"]
[Black "Bleiman, Yaacov"]
[Result "1/2-1/2"]
[WhiteElo "2200"]
[BlackElo "2460"]
[PlyCount "46"]
[EventDate "1982.03.??"]
[Source "www.chesslib.no"]
[SourceDate "2005.08.01"]

1. d4 Nf6 2. Nf3 e6 3. g3 d5 4. Bg2 c5 5. O-O Nc6 6. c4 dxc4 7. Qa4 Bd7 8. Qxc4
b5 9. Qd3 Qb6 10. dxc5 Bxc5 11. Nc3 Nb4 12. Qb1 Bc6 13. Bg5 O-O 14. Bxf6 gxf6
15. Qc1 Kg7 16. Qf4 Rad8 17. Ne4 Bxe4 18. Qxe4 Rd7 19. a3 Nc6 20. b4 Be7 21.
Rad1 f5 22. Qf4 Rfd8 23. Rxd7 Rxd7 1/2-1/2

[Event "EUchT qual"]
[Site "Lucerne SUI"]
[Date "1982.??.??"]
[Round "5"]
[White "Bichsel, Walter"]
[Black "Lobron, Eric"]
[Result "0-1"]
[WhiteElo "2305"]
[BlackElo "2440"]
[PlyCount "82"]
[EventDate "1982.03.??"]
[Source "www.chesslib.no"]
[SourceDate "2005.08.01"]

1. e4 g6 2. d4 Bg7 3. Nc3 d6 4. f4 Nf6 5. Nf3 O-O 6. Bd3 Na6 7. e5 Nd7 8. Ne2
Nb4 9. Bc4 Nb6 10. Bb3 a5 11. a3 Na6 12. O-O a4 13. Ba2 c5 14. c3 cxd4 15. cxd4
Nc7 16. Qe1 Bf5 17. Bd2 Nbd5 18. Nc3 Nxc3 19. Bxc3 Nb5 20. Nh4 Be6 21. Bxe6
fxe6 22. Qe2 Qb6 23. Rad1 dxe5 24. fxe5 Rxf1+ 25. Qxf1 Bxe5 26. Nf3 Bf6 27. Qc4
Nxc3 28. bxc3 Qb3 29. Qe2 Ra6 30. c4 Qxa3 31. h4 Qb3 32. d5 Qxd1+ 33. Qxd1 a3
34. d6 exd6 35. Qe2 a2 36. Qxe6+ Kg7 37. Qd7+ Kh6 38. Qf7 a1=Q+ 39. Kh2 Be5+
40. g3 Qf1 41. Qf8+ Kh5 0-1

[Event "EUchT qual"]
[Site "Lucerne SUI"]
[Date "1982.??.??"]
[Round "5"]
[White "Bischoff, Klaus"]
[Black "Huss, Andreas"]
[Result "1/2-1/2"]
[WhiteElo "2385"]
[BlackElo "2310"]
[PlyCount "97"]
[EventDate "1982.03.??"]
[Source "www.chesslib.no"]
[SourceDate "2005.08.01"]

1. c4 Nf6 2. Nc3 e6 3. Nf3 Bb4 4. Qc2 O-O 5. a3 Bxc3 6. Qxc3 c5 7. e3 b6 8. b4
Nc6 9. Bb2 Qe7 10. bxc5 bxc5 11. Be2 d6 12. O-O e5 13. d3 Bd7 14. Rab1 Rfb8 15.
Ba1 Qd8 16. Nd2 Rb6 17. Bf3 Rab8 18. h3 Ne8 19. Bd5 Nc7 20. Rxb6 axb6 21. f4
Nxd5 22. cxd5 Ne7 23. e4 f6 24. Nc4 Qc7 25. fxe5 fxe5 26. Qd2 Ng6 27. Qg5 b5
28. Ne3 Qd8 29. Qg3 Qe7 30. Kh2 Nf4 31. Rxf4 exf4 32. Qxf4 Rf8 33. Qg3 Rf7 34.
Bb2 c4 35. e5 dxe5 36. dxc4 bxc4 37. Nxc4 e4 38. Nd6 Rf1 39. Nxe4 h6 40. Nc5
Qf7 41. Qe5 Rf5 42. Qxg7+ Qxg7 43. Bxg7 Kxg7 44. Nxd7 Rxd5 45. Nb6 Ra5 46. Nc4
Ra4 47. Nd2 Rxa3 48. Nf3 Kg6 49. Kg3 1/2-1/2

[Event "EUchT qual"]
[Site "Lucerne SUI"]
[Date "1982.??.??"]
[Round "5"]
[White "Franzoni, Giancarlo"]
[Black "Lau, Ralf"]
[Result "1/2-1/2"]
[WhiteElo "2295"]
[BlackElo "2415"]
[PlyCount "84"]
[EventDate "1982.03.??"]
[Source "www.chesslib.no"]
[SourceDate "2005.08.01"]

1. e4 c5 2. Nc3 d6 3. g3 Nc6 4. Bg2 g6 5. d3 Bg7 6. Nh3 Rb8 7. O-O Nf6 8. Nf4
O-O 9. Nfd5 Ne8 10. h4 e6 11. Nf4 b5 12. h5 b4 13. Nb1 Nc7 14. h6 Bh8 15. Nd2
Bb7 16. Nf3 a5 17. a3 Nb5 18. a4 Nbd4 19. Nd2 Ne5 20. Rb1 Qd7 21. c3 bxc3 22.
bxc3 Ndc6 23. Re1 Ba6 24. Rxb8 Rxb8 25. Bf1 Qa7 26. Re3 Bf6 27. Nh3 Nd7 28. Qc2
Nb6 29. f4 Qd7 30. Nf2 Bh8 31. Be2 Ne7 32. Bd1 Bb7 33. Nc4 Bc6 34. Nb2 f5 35.
Re1 Ba8 36. Nh3 c4 37. Ng5 cxd3 38. Qxd3 fxe4 39. Nxe4 Ned5 40. Bg4 Re8 41. Ng5
Nc7 42. Rd1 Nbd5 1/2-1/2

[Event "EUchT qual"]
[Site "Lucerne SUI"]
[Date "1982.??.??"]
[Round "5"]
[White "Hecht, Hans-Joachim"]
[Black "Keller, Dieter"]
[Result "1/2-1/2"]
[WhiteElo "2460"]
[BlackElo "2410"]
[PlyCount "53"]
[EventDate "1982.03.??"]
[Source "www.chesslib.no"]
[SourceDate "2005.08.01"]

1. Nf3 d5 2. e3 g6 3. c4 Nf6 4. b3 Bg7 5. Bb2 dxc4 6. bxc4 c5 7. Be2 O-O 8. O-O
Nc6 9. d3 Bg4 10. h3 Bxf3 11. Bxf3 Qd6 12. Qb3 Rad8 13. Rd1 Ne5 14. Be2 g5 15.
Nc3 Ng6 16. Rab1 b6 17. a4 Nh4 18. g3 Ng6 19. d4 cxd4 20. exd4 Qe6 21. Bf1 Qf5
22. Bg2 g4 23. h4 e5 24. dxe5 Nxe5 25. Nd5 Nxd5 26. Bxe5 Bxe5 27. Bxd5 1/2-1/2

[Event "EUchT qual"]
[Site "Lucerne SUI"]
[Date "1982.??.??"]
[Round "5"]
[White "Kindermann, Stefan"]
[Black "Wittwer, Moritz"]
[Result "1-0"]
[WhiteElo "2410"]
[BlackElo "2200"]
[PlyCount "77"]
[EventDate "1982.03.??"]
[Source "www.chesslib.no"]
[SourceDate "2005.08.01"]

1. e4 e5 2. Bc4 Nc6 3. Nf3 Nf6 4. d3 Bc5 5. c3 d6 6. O-O Bg4 7. Nbd2 O-O 8. h3
Bh5 9. Re1 Na5 10. Bb5 Bb6 11. Nf1 Nd7 12. Ng3 Bg6 13. d4 exd4 14. cxd4 a6 15.
Ba4 Ba7 16. Bg5 f6 17. Bd2 Nc6 18. Bb3+ Bf7 19. Bc3 b5 20. Bxf7+ Rxf7 21. d5
Nce5 22. Nd4 Nf8 23. Kh1 c5 24. dxc6 d5 25. f4 Bxd4 26. Qxd4 Ne6 27. Qxd5 Nxf4
28. Qxd8+ Rxd8 29. Bxe5 fxe5 30. Red1 Rxd1+ 31. Rxd1 g6 32. Rd8+ Kg7 33. Ra8
Ne6 34. Rxa6 Nc7 35. Rb6 Kf8 36. Ne2 Ke7 37. Nc3 Kd6 38. b4 Rf1+ 39. Kh2 1-0

[Event "EUchT qual"]
[Site "Lucerne SUI"]
[Date "1982.??.??"]
[Round "6"]
[White "Bernstein, David"]
[Black "Kindermann, Stefan"]
[Result "1/2-1/2"]
[WhiteElo "2435"]
[BlackElo "2410"]
[PlyCount "87"]
[EventDate "1982.03.??"]
[Source "www.chesslib.no"]
[SourceDate "2005.08.01"]

1. d4 g6 2. c4 Bg7 3. g3 Nf6 4. Bg2 O-O 5. Nc3 d6 6. Nf3 Nc6 7. O-O Bg4 8. h3
Bxf3 9. Bxf3 Nd7 10. e3 e5 11. d5 Ne7 12. e4 f5 13. Bg2 Kh8 14. h4 Rf7 15. Bh3
a6 16. Be3 Qf8 17. Qd2 Ng8 18. Rae1 Bh6 19. Bxh6 Nxh6 20. f4 Re8 21. Kh1 Qg7
22. b3 exf4 23. Rxf4 Re5 24. Rff1 Rfe7 25. exf5 Nxf5 26. Bxf5 gxf5 27. Rxe5
Qxe5 28. Qd3 Rg7 29. Rxf5 Qe1+ 30. Rf1 Qxg3 31. Qxg3 Rxg3 32. Ne2 Rh3+ 33. Kg2
Rxh4 34. Kg3 Re4 35. Nf4 Re7 36. Ne6 c6 37. dxc6 bxc6 38. Nd4 c5 39. Nf5 Rf7
40. Kf4 Nf8 41. Ke4 Rf6 42. Rd1 Re6+ 43. Kf3 Rf6 44. Ke4 1/2-1/2

[Event "EUchT qual"]
[Site "Lucerne SUI"]
[Date "1982.??.??"]
[Round "6"]
[White "Gelfer, Israel"]
[Black "Lau, Ralf"]
[Result "0-1"]
[WhiteElo "2340"]
[BlackElo "2415"]
[PlyCount "132"]
[EventDate "1982.03.??"]
[Source "www.chesslib.no"]
[SourceDate "2005.08.01"]

1. d4 Nf6 2. c4 e6 3. Nc3 Bb4 4. a3 Bxc3+ 5. bxc3 b6 6. f3 Nc6 7. e4 Ba6 8. e5
Ng8 9. Nh3 Nge7 10. Bd3 Na5 11. Qa4 Kf8 12. O-O d5 13. f4 Bxc4 14. Bxc4 Nxc4
15. f5 Nxf5 16. g4 Qh4 17. gxf5 Qg4+ 18. Kh1 Qe4+ 19. Kg1 Qg4+ 20. Kh1 Qxh3 21.
Rf2 Qh4 22. Raa2 exf5 23. Qc6 Rd8 24. Qxc7 Qe7 25. Qc6 Qd7 26. Qxd7 Rxd7 27.
Rxf5 Kg8 28. Raf2 h6 29. Kg2 Na5 30. Kf1 Nc6 31. Ke2 Nd8 32. h4 Kh7 33. h5 Re8
34. Kd3 Kg8 35. a4 Re6 36. Rg2 Kh7 37. Ba3 Kg8 38. Rb2 Rc6 39. a5 bxa5 40. Rb8
Kh7 41. Be7 Ne6 42. Bd6 a6 43. Rf2 Ng5 44. Ra2 Ne4 45. Rxa5 Rxc3+ 46. Ke2 Rc6
47. Kd3 Rc3+ 48. Ke2 Rh3 49. Kf1 Nxd6 50. Rxd5 Rb7 51. Rxb7 Nxb7 52. Rd7 Na5
53. Rxf7 Nc6 54. Rd7 Re3 55. Rd6 Nxd4 56. Rxd4 Rxe5 57. Rh4 Kg8 58. Kf2 Kf7 59.
Kg3 Kf6 60. Ra4 a5 61. Kg4 Rg5+ 62. Kh4 Ke6 63. Ra2 Kd6 64. Ra4 Kc6 65. Ra1 Kb5
66. Rb1+ Kc4 0-1

[Event "EUchT qual"]
[Site "Lucerne SUI"]
[Date "1982.??.??"]
[Round "6"]
[White "Gutman, Lev"]
[Black "Darga, Klaus"]
[Result "1/2-1/2"]
[WhiteElo "2450"]
[BlackElo "2495"]
[PlyCount "130"]
[EventDate "1982.03.??"]
[Source "www.chesslib.no"]
[SourceDate "2005.08.01"]

1. Nf3 Nf6 2. g3 d5 3. Bg2 e6 4. O-O Be7 5. c4 O-O 6. d4 b6 7. Nc3 Bb7 8. cxd5
exd5 9. Ne5 Na6 10. Bf4 c5 11. dxc5 Nxc5 12. Rc1 Re8 13. Nb5 Ne6 14. Nd3 Ne4
15. Qa4 N4c5 16. Nxc5 bxc5 17. Nc3 Nxf4 18. gxf4 Bf6 19. e3 Re6 20. Rfd1 Bxc3
21. Rxc3 Rg6 22. f5 Rxg2+ 23. Kxg2 d4+ 24. Kf1 Bf3 25. exd4 Bxd1 26. Qxd1 cxd4
27. Rd3 Qd5 28. Qf3 Qxf3 29. Rxf3 Kf8 30. Rf4 Rd8 31. Ke2 d3+ 32. Kd2 f6 33.
Ra4 Rd7 34. Ra3 Rd5 35. Rxa7 Rxf5 36. Kxd3 Rxf2 37. b4 Rxh2 38. a4 h5 39. a5 h4
40. a6 h3 41. Ra8+ Ke7 42. b5 Ra2 43. Rh8 h2 44. Rxh2 Rxh2 45. a7 Ra2 46. b6
Kf7 47. Kc4 f5 48. Kd5 Ra5+ 49. Kc4 Ra6 50. b7 Rxa7 51. b8=Q Re7 52. Kd5 Re4
53. Qc8 Kf6 54. Qd8+ Kf7 55. Qc8 Kf6 56. Qf8+ Kg6 57. Kd6 Re1 58. Qc8 Re4 59.
Qc5 Kg5 60. Kd7 g6 61. Kd6 Kf6 62. Qc3+ Kf7 63. Qc7+ Kf6 64. Kd5 Re7 65. Qd8
Kf7 1/2-1/2

[Event "EUchT qual"]
[Site "Lucerne SUI"]
[Date "1982.??.??"]
[Round "6"]
[White "Hecht, Hans-Joachim"]
[Black "Birnboim, Nathan"]
[Result "1/2-1/2"]
[WhiteElo "2460"]
[BlackElo "2460"]
[PlyCount "81"]
[EventDate "1982.03.??"]
[Source "www.chesslib.no"]
[SourceDate "2005.08.01"]

1. e4 c5 2. Nf3 e6 3. b3 b6 4. Bb2 Bb7 5. e5 Nh6 6. g3 Be7 7. Bg2 O-O 8. O-O d6
9. exd6 Bf6 10. Bxf6 Qxf6 11. Nc3 Nf5 12. Re1 Nxd6 13. Ne5 Rd8 14. d3 Bxg2 15.
Kxg2 Nd7 16. f4 Rac8 17. Ne4 Qe7 18. Nxd6 Qxd6 19. Qf3 Nxe5 20. Rxe5 Qd4 21.
Rae1 Qb2 22. R1e2 Qxa2 23. f5 exf5 24. Qxf5 Qa6 25. Re7 Rf8 26. Rf2 b5 27. Qd7
Qc6+ 28. Qxc6 Rxc6 29. Rxa7 c4 30. bxc4 bxc4 31. d4 c3 32. Rd7 Re6 33. Kf1 f6
34. Re2 Rfe8 35. Rxe6 Rxe6 36. Kf2 Re4 37. Kf3 f5 38. h4 Kf8 39. Rd5 g6 40. Rd7
h6 41. d5 1/2-1/2

[Event "EUchT qual"]
[Site "Lucerne SUI"]
[Date "1982.??.??"]
[Round "6"]
[White "Huebner, Robert"]
[Black "Gruenfeld, Yehuda"]
[Result "1-0"]
[WhiteElo "2620"]
[BlackElo "2505"]
[PlyCount "79"]
[EventDate "1982.03.??"]
[Source "www.chesslib.no"]
[SourceDate "2005.08.01"]

1. c4 Nf6 2. Nc3 e6 3. e4 c5 4. e5 Ng8 5. Nf3 Nc6 6. d4 cxd4 7. Nxd4 Nxe5 8.
Ndb5 a6 9. Nd6+ Bxd6 10. Qxd6 f6 11. Be3 Ne7 12. Bb6 Nf5 13. Bxd8 Nxd6 14. Bc7
Ke7 15. c5 Ne8 16. Bb6 d5 17. cxd6+ Nxd6 18. O-O-O Nec4 19. Bd4 b6 20. b3 Ne5
21. Bxb6 Bb7 22. Bc5 Rhd8 23. Kb2 Rac8 24. Ba3 f5 25. Be2 Nef7 26. Rd4 Bxg2 27.
Rg1 Bb7 28. Bxd6+ Nxd6 29. Rxg7+ Kf6 30. Rxh7 Ke5 31. Rd1 f4 32. Bg4 Kf6 33. h4
Nf7 34. Bh5 Nd6 35. Rh6+ Kf5 36. f3 Ke5 37. Re1+ Kd4 38. Ne2+ Ke3 39. Rxe6+ Kf2
40. Nxf4 1-0

[Event "EUchT qual"]
[Site "Lucerne SUI"]
[Date "1982.??.??"]
[Round "6"]
[White "Kagan, Shimon"]
[Black "Pfleger, Helmut"]
[Result "1-0"]
[WhiteElo "2425"]
[BlackElo "2500"]
[PlyCount "105"]
[EventDate "1982.03.??"]
[Source "www.chesslib.no"]
[SourceDate "2005.08.01"]

1. e4 d6 2. d4 Nf6 3. Nc3 g6 4. Nge2 Bg7 5. g3 O-O 6. Bg2 Nbd7 7. O-O e5 8. h3
c6 9. Be3 Re8 10. d5 Nb6 11. b3 cxd5 12. exd5 a6 13. a4 Nbd7 14. a5 Nh5 15. Na4
f5 16. Nb6 Nxb6 17. Bxb6 Qf6 18. Ra4 e4 19. Bd4 Qf7 20. Bxg7 Qxg7 21. Rb4 e3
22. fxe3 Rxe3 23. Rf3 Qe5 24. Kf2 Re4 25. Qd2 Bd7 26. Re3 Rxe3 27. Qxe3 Qxe3+
28. Kxe3 Re8+ 29. Kf2 Bc8 30. Rb6 Rd8 31. Nd4 Kf7 32. Ne6 Rd7 33. c4 Kf6 34.
Bf3 Ke5 35. Bxh5 gxh5 36. h4 Ke4 37. Nf4 Kd4 38. Nxh5 Rd8 39. Nf4 Ke4 40. Ne2
Rd7 41. Nf4 Rd8 42. h5 Rd7 43. h6 Rd8 44. Nh5 Ke5 45. Kf3 Rg8 46. Nf4 Rg5 47.
b4 Rg8 48. b5 axb5 49. cxb5 Rd8 50. a6 bxa6 51. bxa6 Rd7 52. Rc6 Rd8 53. a7 1-0

[Event "EUchT qual"]
[Site "Lucerne SUI"]
[Date "1982.??.??"]
[Round "6"]
[White "Lobron, Eric"]
[Black "Bleiman, Yaacov"]
[Result "1-0"]
[WhiteElo "2440"]
[BlackElo "2460"]
[PlyCount "97"]
[EventDate "1982.03.??"]
[Source "www.chesslib.no"]
[SourceDate "2005.08.01"]

1. Nf3 Nf6 2. g3 g6 3. b3 Bg7 4. Bb2 d5 5. c4 c6 6. Bg2 O-O 7. O-O Bg4 8. d3
Nbd7 9. Nbd2 Re8 10. Rc1 e5 11. cxd5 Nxd5 12. Qc2 a5 13. a3 Qe7 14. h3 Bxf3 15.
Nxf3 Bh6 16. e3 f6 17. Rfe1 Rad8 18. Rcd1 Nc7 19. Nd2 f5 20. Nc4 Ra8 21. h4 Bg7
22. Bh3 b5 23. Nd2 Qd6 24. Rc1 Ra6 25. Bg2 Ne6 26. Red1 Ndc5 27. d4 exd4 28.
Nf3 d3 29. Bxg7 dxc2 30. Rxd6 Kxg7 31. Nd2 Kf7 32. Rxc2 b4 33. axb4 axb4 34.
Rxc6 Rxc6 35. Bxc6 Rd8 36. Ra2 Rd3 37. Bb5 Rc3 38. Bc4 Kf6 39. Kf1 h6 40. Ke2
g5 41. Kd1 Nd3 42. Bxd3 Rxd3 43. hxg5+ hxg5 44. Ra6 g4 45. Rb6 Ke7 46. Rxb4 Ng5
47. Kc2 Rd8 48. Rf4 Ke6 49. e4 1-0

[Event "EUchT qual"]
[Site "Lucerne SUI"]
[Date "1982.??.??"]
[Round "6"]
[White "Ostermeyer, Peter"]
[Black "Lederman, Leon"]
[Result "1-0"]
[WhiteElo "2410"]
[BlackElo "2415"]
[PlyCount "111"]
[EventDate "1982.03.??"]
[Source "www.chesslib.no"]
[SourceDate "2005.08.01"]

1. d4 d5 2. c4 dxc4 3. Nf3 a6 4. e3 Bg4 5. Bxc4 e6 6. Nc3 Nf6 7. h3 Bh5 8. O-O
Nbd7 9. Be2 Bd6 10. Nd2 Bxe2 11. Qxe2 O-O 12. e4 e5 13. d5 g6 14. Nc4 Nh5 15.
Bh6 Re8 16. g3 Ng7 17. Rac1 Bc5 18. Be3 Bf8 19. Qd2 f5 20. Bg5 Qc8 21. Kg2 Bc5
22. a3 Rf8 23. b4 Bd4 24. f4 Bxc3 25. Qxc3 exf4 26. e5 b5 27. Na5 fxg3 28. e6
Nb6 29. Bh6 Nh5 30. Bxf8 Qxf8 31. Qxc7 Nxd5 32. Qe5 Ndf6 33. e7 Qf7 34. Rc2 Re8
35. Nc6 Qd5+ 36. Qxd5+ Nxd5 37. Re1 Kf7 38. Rd2 Ndf4+ 39. Kf3 Nxh3 40. Nd8+ Kg8
41. Ne6 Kf7 42. Rd8 g2 43. Kxg2 N3f4+ 44. Kf2 Nxe6 45. Rxe8 Kxe8 46. Rxe6 Nf4
47. Rxa6 Nd5 48. Re6 Nxe7 49. Re5 Kd7 50. Rxb5 Kc6 51. Rc5+ Kd6 52. Rc1 Nc6 53.
b5 Na5 54. a4 Nb3 55. Rc8 Na5 56. b6 1-0

[Event "HUN-FRA"]
[Site "Budapest HUN"]
[Date "1982.??.??"]
[Round "1.1"]
[White "Kouatly, Bachar"]
[Black "Sax, Gyula"]
[Result "0-1"]
[WhiteElo "2435"]
[BlackElo "2550"]
[PlyCount "89"]
[EventDate "1982.??.??"]
[Source "www.chesslib.no"]
[SourceDate "2005.08.01"]

1. d4 Nf6 2. c4 e6 3. Nc3 c5 4. d5 exd5 5. cxd5 d6 6. e4 g6 7. f4 Bg7 8. Bb5+
Nfd7 9. a4 a6 10. Be2 O-O 11. Nf3 a5 12. O-O Na6 13. Nb5 Nf6 14. e5 dxe5 15.
fxe5 Nxd5 16. Bg5 Qd7 17. Nd6 Nac7 18. Rc1 h6 19. Bc4 Qc6 20. Bd2 Be6 21. Qe1
Nb6 22. Bd3 Nd7 23. Qg3 Nxe5 24. Nxe5 Qxd6 25. Bf4 g5 26. Ng4 Qd4+ 27. Kh1 Bxg4
28. Bxc7 Be6 29. Bb1 Rfc8 30. Bd6 c4 31. Rce1 c3 32. Rd1 Qg4 33. Qd3 f5 34. Qe3
Re8 35. h3 Qxa4 36. bxc3 Rad8 37. Qf3 Qc6 38. Qxc6 bxc6 39. Bc7 Rxd1 40. Rxd1
Bxc3 41. Rc1 Bb4 42. Rxc6 Bd5 43. Rg6+ Kf7 44. Bxf5 Re2 45. Bb6 0-1

[Event "HUN-FRA"]
[Site "Budapest HUN"]
[Date "1982.??.??"]
[Round "1.2"]
[White "Pinter, Jozsef"]
[Black "Giffard, Nicolas"]
[Result "1-0"]
[WhiteElo "2520"]
[BlackElo "2345"]
[PlyCount "75"]
[EventDate "1982.??.??"]
[Source "www.chesslib.no"]
[SourceDate "2005.08.01"]

1. d4 Nf6 2. c4 d6 3. Nc3 Nbd7 4. e4 e5 5. Nf3 Be7 6. Be2 O-O 7. O-O c6 8. h3
a6 9. Be3 b5 10. cxb5 cxb5 11. b4 Bb7 12. d5 Nb6 13. Nd2 Nfd7 14. a4 bxa4 15.
Nxa4 Bg5 16. Qb3 h6 17. Nb2 f5 18. Nbc4 f4 19. Bxb6 Nxb6 20. Nxb6 Qxb6 21. Nc4
Qd8 22. Bg4 Kh8 23. Na5 Qb8 24. Ra3 Bd8 25. Nc4 Qc7 26. Rc1 Rb8 27. Rc3 Qe7 28.
Qa4 g6 29. Qd7 Qxd7 30. Bxd7 Be7 31. Na5 Bd8 32. Nc6 Bb6 33. Nxb8 Rxb8 34. Rc4
Kg7 35. Rac3 Kf7 36. Bc8 Ke7 37. Bxb7 Rxb7 38. Ra3 1-0

[Event "HUN-FRA"]
[Site "Budapest HUN"]
[Date "1982.??.??"]
[Round "1.3"]
[White "Bernard, Christophe"]
[Black "Adorjan, Andras"]
[Result "1/2-1/2"]
[WhiteElo "2270"]
[BlackElo "2515"]
[PlyCount "77"]
[EventDate "1982.??.??"]
[Source "www.chesslib.no"]
[SourceDate "2005.08.01"]

1. d4 Nf6 2. c4 e6 3. Nf3 b6 4. g3 Ba6 5. Qa4 c5 6. Bg2 Bb7 7. O-O cxd4 8. Nxd4
Bxg2 9. Kxg2 Qc8 10. Bf4 a6 11. f3 Be7 12. Nb5 O-O 13. N1c3 Qc6 14. Nd6 Nh5 15.
Qxc6 Nxc6 16. Rfd1 Nxf4+ 17. gxf4 Ra7 18. Rd2 f5 19. Rad1 g5 20. e3 gxf4 21.
exf4 Rb8 22. b3 Kf8 23. Na4 Rc7 24. c5 bxc5 25. Nxc5 Nb4 26. a3 Rxc5 27. axb4
Rxb4 28. Nc4 Rxb3 29. Ne5 Ke8 30. Rxd7 Rc2+ 31. R7d2 Rbb2 32. Rxc2 Rxc2+ 33.
Kg3 a5 34. Rd7 h5 35. Ra7 Bd8 36. Ra6 Ke7 37. Nc6+ Kd7 38. Nxd8 Kxd8 39. Rxa5
1/2-1/2